Kommunikationswissenschafliche Grundlagen der Rhetorik

Vedecké a komunikatívne základy rétoriky. Ciele – úlohy a fázy ústnej komunikácie. Komunikačný model. Aspekty rétorickej komunikácie. Základné komponenty výpovede.

Saved in:
Bibliographic Details
Main Author: Adamcová, Lívia
Format: Book Chapter
Language:German
Subjects:
Tags: Add Tag
No Tags, Be the first to tag this record!

MARC

LEADER 00000nla$a2200000$$$4500
001 0112825
005 20240502072244.1
041 0 |a ger 
044 |a SK 
245 1 0 |a Kommunikationswissenschafliche Grundlagen der Rhetorik  |c Lívia Adamcová 
520 |a Vedecké a komunikatívne základy rétoriky. Ciele – úlohy a fázy ústnej komunikácie. Komunikačný model. Aspekty rétorickej komunikácie. Základné komponenty výpovede. 
610 2 0 |a rétorika 
610 2 0 |a komunikácia 
610 2 0 |a modely 
100 1 |a Adamcová, Lívia